Statistics for The Thanksgiving Quiz

Click here to take the quiz!

General Stats

  • This quiz has been taken 5,094 times
  • The average score is 15 of 22

Answer Stats

Question Answer % Correct
What ship brought the Pilgrims to the United States?The Mayflower
92%
What is the nickname of the day after Thanksgiving?{Black} Friday
89%
What department store hosts a Thanksgiving parade in New York City?Macy's
84%
What state did they land in?Massachusetts
83%
What country celebrates Thanksgiving on the second Monday of October?Canada
83%
What turkey bone can provide good luck to one of the two people who break it?Wishbone
83%
What spices are mixed together to create pumpkin pie spice?Cinnamon
76%
What spices are mixed together to create pumpkin pie spice?Nutmeg
75%
What does the amino acid tryptophan, found in turkey, supposedly make one want to do?Sleep
75%
What cartoon character tries to kick a football every Thanksgiving, only to have
it cruelly pulled away at the last second?
Charlie Brown
74%
What does the President do to a turkey every Thanksgiving?Pardons It
69%
What didn't the Pilgrims have on their hats - even though they are often depicted that way?Buckles
67%
Whose house is "over the river, and through the wood"?{Grandmother}'s
66%
What is another name for a cornucopia?Horn of {Plenty}
64%
What spices are mixed together to create pumpkin pie spice?Ginger
62%
What extravagant Thanksgiving dish is a chicken, stuffed inside
a duck, stuffed inside a turkey?
Turducken
62%
What President made Thanksgiving a federal holiday?Abraham Lincoln
59%
What colony did they found?{Plymouth} Colony
56%
Which NFL team has hosted a game on Thanksgiving day every year since 1945?Detroit Lions
46%
What spices are mixed together to create pumpkin pie spice?Allspice
44%
What spices are mixed together to create pumpkin pie spice?Cloves
34%
What Native American is famous for teaching the Pilgrims to plant maize?Squanto
29%

Score Distribution

Percentile by Number Answered

Percent of People with Each Score

Your Score History

You have not taken this quiz